Nueva biblioteca en Hostafrancs
Publicado:
San Jorge, núm. 88 (4t trimestre 1972), pàg 74 :
MARC
| LEADER | 00000nam a2200000Ia 4500 | ||
|---|---|---|---|
| 001 | |||
| 008 | 160829s9999 xx 000 0 cat d | ||
| 245 | |a Nueva biblioteca en Hostafrancs | ||
| 260 | |a San Jorge, núm. 88 (4t trimestre 1972), pàg 74 | ||
| 650 | |a Biblioteques |x Hostafrancs |9 41811 | ||
| 650 | |a Barcelona. Diputació. Xarxa de Biblioteques Populars | ||
| 901 | |a Arxiu | ||
| 942 | |n 1 | ||
| 952 | |0 0 |1 0 |4 0 |7 1 |9 50490 |a Arxiu |b Arxiu |d 2016-12-01 |l 0 |r 2016-12-01 00:00:00 |w 2016-12-01 |y ARXIU | ||
| 999 | |c 54332 |d 54332 | ||